Statistics for Nelson Mandela

Click here to take the quiz!

General Stats

  • This quiz has been taken 9 times
  • The average score is 8 of 14

Answer Stats

QuestionAnswer% Correct
Mandela was affliated with this political party?African National Congress
89%
Mandela worked to bring this to an end?Apartheid
89%
For many years Mandela was imprisioned in this offshore prison.Robben Island
89%
When was Mandela freed from prison?1990
78%
Mandela attempted to break down the stigma surrounding this disease.Aids
78%
Mandela won this prestigious award in 1993.Nobel Peace Prize
78%
In what year did Mandela die?2013
67%
Mandela became South Africa's first what in 1994?Black president
67%
What is the title of Mandela's autobiography?Long Walk to Freedom
44%
What was Mandela's first language?Xhosa
44%
What was Mandela's birth name?Rolihlahla
22%
How long did Mandela spend in various prisons?27 years
11%
How old was Mandela when he died?Ninety Five
0%
What University did Mandela attend?University of Fort Hare
0%

Score Distribution

Percentile by Number Answered

Percent of People with Each Score

Your Score History

You have not taken this quiz